Zázemie

Bibliographic Details
Main Author: Dziaková, Marta (Author)
Format: Article
Language:Slovak
PhysicalDescription:Magazín VN, č. 8, s. 5.
Subjects:

MARC

LEADER 00000nab a2200000 a 4500
001 vtls000210801
003 SK-MaSNL
005 20260302212124.0
008 111130c1985 xo 0 slo
015 |a SNBRB19rr/mm-uuuuu 
035 |a CL0220914 
040 |a SNKBUCL  |b slo  |c SNKBUCL  |e AACR2 
041 0 |a slo 
044 |a xo  |c SK 
080 |a 885.4-3  |2 1981 
100 1 |a Dziaková, Marta  |4 aut  |9 928814 
245 1 0 |a Zázemie  |c Marta Dziaková 
300 |b Magazín VN, č. 8, s. 5. 
500 |a V rubrike Dúha. 
650 0 7 |a prózy psychologické  |2 snkbucl  |9 893892 
655 7 |a články z novín a časopisov  |2 snkbucl  |9 267496 
655 7 |a články z odboru literárna veda a krásna literatúra  |2 snkbucl  |9 770045 
773 0 |t Východoslovenské noviny  |g Roč. 34, č. 45 (22. 2. 1985) 
850 |a Slovenská národná knižnica v Martine  |a MTA001 
852 |a SNK  |b KIS3GCP 
958 |a RK 
958 |a LX 
992 |a RBX 
999 |c 1487813  |d 1489743